000 00491cam a2200169 4500
001 D12427
008 090401t1889 xxu||||| |||| 00| 0 eng d
035 _a(Sirsi) u3432
041 _aeng
100 _aClode, Walter
245 4 _aThe law relating to tenement houses and flats for residential or business purposes; including the taxation and rating there of
260 _aLondon
_bWilliam Clowes & Sons
_c1889
350 _a0
520 _aShelf 152
942 _n0
948 _c04/03/1997
999 _c85879
_d85879